Fundamentals of computer algorithms / Ellis Horowitz, Sartaj Sahni (Registro nro. 21024)
[ vista simple ]
| 000 -LÍDER | |
|---|---|
| fixed length control field | 00485nam a2200145 4500 |
| 008 - ELEMENTOS DE LONGITUD FIJA -- INFORMACIÓN GENERAL | |
| fixed length control field | 0 1978 0a 000 0USA |
| 020 ## - NÚMERO INTERNACIONAL NORMALIZADO PARA LIBROS | |
| ISBN | 0.7167-8045-3 |
| 050 ## - SIGNATURA TOPOGRAFICA DE LA BIBLIOTECA DEL CONGRESO (LC) | |
| Número de Clasificación | QA76.6 H448 |
| 082 ## - NUMERO DE CLASIFICACION DECIMAL DEWEY | |
| Número de Clasificación | 519.4 H852f |
| 245 ## - TÍTULO | |
| Título | Fundamentals of computer algorithms / Ellis Horowitz, Sartaj Sahni |
| 260 ## - PUBLICACIÓN, DISTRIBUCIÓN, ETC. (PIE DE IMPRENTA) | |
| Lugar de publicación, distribución, etc. | USA : Computer science press |
| 300 ## - DESCRIPCIÓN FÍSICA | |
| Extensión | xiv, 626 p. / 23 cm |
| 650 ## - ASIENTO SECUNDARIO DE MATERIA - TERMINO TEMÁTICO | |
| Término temático o nombre geográfico como elemento de entrada | 1. ALGORITMOS 2. ELECTRONICA DIGITAL-PROGRAMA DE COMPUTADORAS |
| 700 ## - ASIENTO SECUNDARIO - NOMBRE PERSONAL | |
| Nombre personal | I. Sahni, Sartaj. coaut. |
| No. biblioteca | No. biblioteca | Número de clasificación | Código de barras/Número de adquisición | Número de copia | Tipo de material |
|---|---|---|---|---|---|
| LUIS G. INCLAN | LUIS G. INCLAN | 519.4 H852f | 13597 | 1 | Libros |
| LUIS G. INCLAN | LUIS G. INCLAN | 519.4 H852f | 13598 | 2 | Libros |
